000 01029cpcaa2200253 4500
001 mm 81011684
003 DLC
005 20260227111706.0
008 810401|||||||||||| eng
010 _amm 81011684
040 _aDLC
_cDLC
_edacs
_dDLC
072 7 _aC
_2lcmd
100 1 _aCampbell, Caroline,
_d1857-
245 0 0 _aCaroline Campbell papers,
_f1914-1922.
300 _a250
_fitems.
300 _a3
_fcontainers.
506 0 _aOpen to research.
520 8 _aCorrespondence, pamphlets, clippings, periodicals, and notes concerning the authenticity of a portrait of Mary Ball Washington, the mother of George Washington.
545 0 _aCivic leader, of Grand Rapids, Mich. Full name: Caroline Portman Campbell. Married James H. Campbell.
546 _aCollection material in English.
600 1 0 _aWashington, Mary Ball,
_d1708-1789.
999 _c43030
_d43030